00622nam a2200193Ia 4500008004100000020001500041082001200056100004200068245004400110250000900154260003400163300002700197500001900224600003300243650001200276942000700288952011800295999001500413240925s9999 xx 000 0 und d a020170059X a530 YOU aYoung, Hugh .D; Freedman, Robart A. 0aUniversity Physics: with modern physics a12th aNew York:bFree Pressc,2000. avi,330p.bNAfOriginal aIncludes Index aHumanities & Natural Science aPhysics cBK 001040708HUMaUITUbUITUd1997-11-18eUIT Fruit Canadal0o530 YOUpQ1206r2024-09-25 07:12:21w2024-09-25yBK c3705d3705